000
00222nam a22000857a 4500
008
170110b xxu||||| |||| 00| 0 eng d
100
_9
2288
_a
Anand. B. R
245
_a
ABC of school Atlas-6
260
_a
New Delhi
_b
Holy Faith
_c
2000
999
_c
5185
_d
5185